Frontiers of Dalit Theology (Record no. 18159)

MARC details
000 -LEADER
fixed length control field 00461nam a2200193 a 4500
020 ## - INTERNATIONAL STANDARD BOOK NUMBER
ISBN 817241X
082 00 - DEWEY DECIMAL CLASSIFICATION NUMBER
Classification number 230
Author Cutter DEV
100 ## - MAIN ENTRY--AUTHOR NAME
Author name Devasahayam, V
245 ## - TITLE STATEMENT
Title Frontiers of Dalit Theology
260 ## - PUBLICATION, DISTRIBUTION, ETC. (IMPRINT)
Place of publication Delhi
Name of publisher ISPCK
Year of publication 1997
300 ## - PHYSICAL DESCRIPTION
Number of Pages 501p
500 ## - GENERAL NOTE
General note includes index and biblioraphy
505 2# - FORMATTED CONTENTS NOTE
Formatted contents note Appendix
650 ## - SUBJECT ADDED ENTRY--TOPICAL TERM
Topical Term Caste-India
650 ## - SUBJECT ADDED ENTRY--TOPICAL TERM
Topical Term Theology-Inculturation
650 ## - SUBJECT ADDED ENTRY--TOPICAL TERM
Topical Term Theology-India
942 ## - ADDED ENTRY ELEMENTS (KOHA)
Koha item type Books
700 1# -
-- Devasahayam, V
Holdings
Collection code Home library Current library Date acquired Cost, normal purchase price Full call number Accession Number Koha item type Source of acquisition
  Henry Martyn Institute Library Henry Martyn Institute Library 06/22/2007 150.00 230 DEV 11000447 Books  
  Henry Martyn Institute Library Henry Martyn Institute Library 06/22/2022 150.00 230.086 DEV C2 11004611 Books Dr. Andreas D'Souza
                   Copyright © 2026 | Henry Martyn Institute | Hyderabad | TS-500052 | INDIA | Implemented by hmi.edu.in
Hit-Count:

Powered by Koha